LEADER 01786nam 22004213 450 001 9910485252603321 005 20210901203026.0 010 $a1-4677-6844-8 035 $a(CKB)4100000005115663 035 $a(MiAaPQ)EBC5443191 035 $a(Au-PeEL)EBL5443191 035 $a(CaPaEBR)ebr11590197 035 $a(OCoLC)868662099 035 $a(EXLCZ)994100000005115663 100 $a20210901d1989 uy 0 101 0 $aeng 135 $aurcnu|||||||| 181 $ctxt$2rdacontent 182 $cc$2rdamedia 183 $acr$2rdacarrier 200 14$aThe Adventures of Tom Sawyer 210 1$aMinneapolis :$cLerner Publishing Group,$d1989. 210 4$dİ2014. 215 $a1 online resource (328 pages) 225 1 $aFirst Avenue Classics (tm) Ser. 327 $aCover -- Title Page -- Copyright Page -- Table Of Contents -- Preface -- Chapter I -- Chapter II -- Chapter III -- Chapter IV -- Chapter V -- Chapter VI -- Chapter VII -- Chapter VIII -- Chapter IX -- Chapter X -- Chapter XI -- Chapter XII -- Chapter XIII -- Chapter XIV -- Chapter XV -- Chapter XVI -- Chapter XVII -- Chapter XVIII -- Chapter XIX -- Chapter XX -- Chapter XXI -- Chapter XXII -- Chapter XXIII -- Chapter XXIV -- Chapter XXV -- Chapter XXVI -- Chapter XXVII -- Chapter XXVIII -- Chapter XXIX -- Chapter XXX -- Chapter XXXI -- Chapter XXXII -- Chapter XXXIII -- Chapter XXXIV -- Chapter XXXV -- Conclusion -- Back Cover. 410 0$aFirst Avenue Classics (tm) Ser. 608 $aElectronic books. 676 $a[Fic] 700 $aTwain$b Mark$027404 701 $aWilliams$b True$01030001 801 0$bMiAaPQ 801 1$bMiAaPQ 801 2$bMiAaPQ 906 $aBOOK 912 $a9910485252603321 996 $aThe Adventures of Tom Sawyer$92486437 997 $aUNINA LEADER 01010nam a2200325 i 4500 001 991000850059707536 005 20020507102301.0 008 950524s1994 it ||| | ita 020 $a8815045554 035 $ab10138304-39ule_inst 035 $aLE00637911$9ExL 040 $aDip.to Fisica$bita 084 $a1:5 084 $a1:40 084 $a1:510 084 $a159.9 084 $a160 084 $a510.2 100 1 $aPicardi, Eva$052504 245 13$aLa chimica dei concetti :$blinguaggio, logica, psicologia 1879-1927 /$cEva Picardi 260 $aBologna :$bIl Mulino,$cc1994 300 $a326 p. ;$c22 cm 500 $aContiene indice dei nomi: 650 4$aLogica 907 $a.b10138304$b21-09-06$c27-06-02 912 $a991000850059707536 945 $aLE006 510.02/510.08 PIC$g1$i2006000020077$lle006$o-$pE0.00$q-$rl$s- $t0$u2$v0$w2$x0$y.i10163694$z27-06-02 996 $aChimica dei concetti$9185515 997 $aUNISALENTO 998 $ale006$b01-01-95$cm$da $e-$fita$git $h3$i1